Pretty Little Liars Quiz - Statistics

General Stats
  • This quiz has been taken 735 times
  • The average score is 11 of 15
Answer Stats
Hint Answer % Correct
Did Mrs. Dilaurentis die? Yes
99%
Did Hanna and Caleb break up? Yes
99%
Is Mr.Fitz A? No
92%
Who was working with A to protect his girlfriend, Spencer? Toby
89%
Who is Aria's Brother's ex girlfriend? Mona
88%
Who killed Shauna? Aria
83%
What is the name of Spencer's mom? Veronica Hastings
82%
What is the name of Hanna's mom? Ashley Marin
80%
What is the name of Hanna's Dad? Tom Marin
77%
What is the name of Hanna's evil stepsister? Kate
76%
Who pushed Ian in the church? Alison
73%
Who was Spencer's first lover? Wren
59%
Who killed Wilden? Cece Drake
52%
In which city, did they discover Ali? Rosewood
38%
Which city was Mr. Fitz shot in? New York City
33%
No matching quizzes found
Score Distribution
Percent of People with Each Score
Percentile by Number Answered
Your Score History
You have not taken this quiz